000 00653nam a22002537a 4500
003 UA-OsUOA
001 25110
007 ta
008 20040315b un ||||| |||| 00| 0 ukr d
100 _aСтепанов В.В.
090 _a347.736
_bС79
942 _cBK
040 _aUA-OsUOA
_brus
_cUA-OsUOA
_dUA-OsUOA
245 _aНесостоятельность(банкротство) в России, Англии, Германии
300 _a204 с.
955 _a0
041 _arus
080 _a347.736
020 _a5-8354-0004-7
260 _aМосква
_bСтатут
_c1999
044 _aRU
650 7 _2UDC
999 _c311402
_d311402